00470nam a2200121Ia 4500008004100000245015400041260003900195260000900234300000700243650002600250650001200276856006000288170516s9999 xx 000 0 und d aStaging of pelvic lymph nodes in patients with prostate cancer: Usefulness of multiple b value SE-EPI diffusion-weighted imaging on a 3.0 T MR system bEuropean Journal of Radiology Open c2016 a3: xRadiologic Technology xRadtech uhttp://www.sciencedirect.com/science/journal/23520477/3